00576nam a2200145 a 4500008004100000050001400041100002400055245004100079260004400120300001700164350000900181995009300190999001700283952013000300120416s1966 ||||||||||||||||| || u aT 379 Pal aPalmquist, Roland E10aAudel's answers on blueprint reading aIndianapolisbTheodore Audel & Coc1966 a405p. : ill. a0.00 D0.00FCBU-MAIN LIBRARY (Kitwe)H1I8.75M1UDAMAGEDZMain Library Open Access Collection c35275d35275 00102lcc4070a001b001cMain Library Open Access Collectiond2022-11-30l0oT 379 Palp013738r2022-11-30w2022-11-30y002